[Event "11. OSEM SH 2017"]
[Site "Büsum"]
[Date "2017.09.16"]
[Round "9.63"]
[White "Narr, Irmgard"]
[Black "Botvinnik, Alexey"]
[Result "0-1"]
[BlackElo "1836"]
[BlackTeam "SG Porz"]
[WhiteElo "1685"]
[WhiteTeam "SC Mühlhof-Reichelsdorf"]

1. e4 c5 2. Nf3 d6 3. Bc4 Nf6 4. Ng5 e6 5. d3 h6 6. Nf3 a6 7. a3 Nc6 8. Bf4 Be7
9. O-O  O-O  10. Re1 e5 11. Be3 Bg4 12. Nbd2 d5 13. exd5 Nxd5 14. Qc1
Nxe3 15. Rxe3 Qc7 16. Qe1 Bd6 17. Nf1 Bxf3 18. Rxf3 Nd4 19. Qd1 Nxf3+ 20. Qxf3
Kh8 21. Bd5 f5 22. Ne3 Qd7 23. Nc4 Rae8 24. Qh5 Bc7 25. Bf3 b5 26. Ne3 Bb8 27.
Rd1 Rf6 28. Bd5 Ref8 29. Bb3 Qd6 30. g3 f4 31. Nd5 Rf5 32. Qh3 fxg3 33. fxg3 c4
34. dxc4 bxc4 35. Ne3 Qc5 36. Re1 cxb3 37. cxb3 Ba7 38. Qg2 Rf3 39. b4 Qd4 40.
Kh1 Rxe3 41. Rf1 Ref3  0-1

[Event "11. OSEM SH 2017"]
[Site "Büsum"]
[Date "2017.09.16"]
[Round "9.64"]
[White "Potschka, Dieter"]
[Black "Alicke, Manfred"]
[Result "1-0"]
[BlackElo "1646"]
[BlackTeam "SV Grevenbroich"]
[WhiteElo "1829"]
[WhiteTeam "VfL Geesthacht"]

1. c4 c5 2. Nc3 Nc6 3. Nf3 h6 4. d3 e5 5. e4 d6 6. Be2 Be6 7. Bd2 Nge7 8. a3 g5
9. Nd5 Ng6 10. b4 Bxd5 11. cxd5 Nd4 12. Nxd4 exd4 13. bxc5 dxc5 14. Qb3 b6 15.
a4 Bd6 16. a5 O-O 17. g3 Kg7 18. O-O Ne5 19. f4 gxf4 20. Bxf4 Ng6 21. Rf2 Qc7
22. Raf1 f5 23. axb6 axb6 24. Bxd6 Qxd6 25. Rxf5 Rxf5 26. Rxf5 Rf8 27. Rxf8
Kxf8 28. Qa4 Ke7 29. Qa7+ Kf6 30. Bh5 b5 31. Qh7 Kg5 32. Qf7 Ne7 33. h4#  1-0

[Event "11. OSEM SH 2017"]
[Site "Büsum"]
[Date "2017.09.16"]
[Round "9.65"]
[White "Riha, Peter"]
[Black "Merettig, Georg"]
[Result "0-1"]
[BlackElo "1814"]
[BlackTeam "SV Caissa Wolfenbüttel"]
[WhiteElo "1736"]
[WhiteTeam "Schleswiger SV"]

1. d4 Nc6 2. Nf3 e6 3. c4 Bb4+ 4. Bd2 Qe7 5. Bxb4 Qxb4+ 6. Qd2 Qxc4 7. e4 Qb4 8.
Nc3 Nf6 9. Bd3 Nxd4 10. Nxd4 Qxd4 11. Nb5 Qb6 12. Rc1 c6 13. Nd6+ Ke7 14. e5
Ne8 15. Nc4 Qd4 16. Qe2 f6 17. Rd1 b5 18. Ne3 Qxe5 19. O-O  Nd6 20. Rc1 f5
21. Nxf5+ Kf6 22. Nxd6 Qxd6 23. Qf3+ Ke7 24. Rfd1 Qe5 25. b3 Bb7 26. Rc2 Raf8
27. Qh3 Rf6 28. Rcd2 d5 29. Re2 Qd6 30. Qh4 Qf4 31. Qxf4 Rxf4 32. Rde1 Rf6 33.
f4 g6 34. g4 Kd6 35. g5 Rxf4 36. Rxe6+ Kc7 37. Re7+ Kb6 38. Rg7 Rg4+ 39. Kh1 d4
40. h3 Rxg5 41. Ree7 Ba8 42. Be4 a6 43. b4 Rg3 44. Bg2 Ra3 45. Rd7 d3 46. Be4
Rxa2 47. Rxd3 a5 48. bxa5+ Rxa5 49. Rdd7 b4 50. h4 Rh5  0-1

[Event "11. OSEM SH 2017"]
[Site "Büsum"]
[Date "2017.09.16"]
[Round "9.66"]
[White "Schröder, Harm"]
[Black "Schmieder, Wolfgang Ernst"]
[Result "1-0"]
[BlackElo "1800"]
[BlackTeam "Kasseler SK"]
[WhiteElo "1696"]
[WhiteTeam "SK Union Oldenburg"]

1. e4 b6 2. d4 Bb7 3. Nc3 g6 4. Nf3 Bg7 5. Bc4 a5 6. O-O  Ba6 7. Qd3 c6 8.
a4 h6 9. Bd2 e6 10. e5 Ne7 11. Bxa6 Nxa6 12. Ne4 Nf5 13. g4 Nh4 14. Nd6+ Kf8
15. Kh1 Nxf3 16. Qxf3  Qe7 17. c3 Nc7 18. c4 Kg8 19. Qg3 Ne8 20. c5 Nxd6
21. cxd6 Qd8 22. f4 h5 23. g5 Kh7 24. Qd3 Qc8 25. Rfb1 Qb7 26. Kg1 Rhc8 27. b4
axb4 28. Bxb4 Qa6 29. Qxa6 Rxa6 30. Rb2 Rca8 31. Rba2 Kg8 32. a5 bxa5 33. Bxa5
Bf8 34. Ra3 Bg7 35. Kg2 R6a7 36. Kf3 Rb7 37. h4 Rba7 38. Ke3 Kf8 39. Kd3 Ke8
40. Kc4 Rb7 41. Bc7 Rxa3 42. Rxa3 f6 43. Ra8+ Kf7 44. Rd8 fxg5 45. Rxd7+ Kf8
46. fxg5 Rb5 47. Rd8+ Kf7 48. Ra8 Rd5 49. Bb6 Bf8 50. Bc5 Kg7 51. Ra7+ Kg8 52.
Rc7 Bg7 53. d7 Bxe5 54. dxe5  1-0

[Event "11. OSEM SH 2017"]
[Site "Büsum"]
[Date "2017.09.16"]
[Round "9.67"]
[White "Lachat, Martin"]
[Black "Lüders, Günter, Dr."]
[Result "1/2-1/2"]
[BlackElo "1796"]
[BlackTeam "TSV Benshausen"]
[WhiteElo "1636"]
[WhiteTeam "ASK Réti Zürich"]

1. c4 c5 2. Nc3 Nc6 3. Nf3 Nf6 4. g3 g6 5. Bg2 Bg7 6. O-O  O-O  7. d4
cxd4 8. Nxd4 a6 9. Nxc6 dxc6 10. Bg5 Qc7 11. Qc2 Be6 12. b3 Rad8 13. Rad1 h6
14. Bf4 Qc8 15. Rxd8 Rxd8 16. Rd1 Ne8 17. Rxd8 Qxd8 18. Qd2 Qxd2 19. Bxd2 h5
20. Ne4 Bd4 21. Bc3 Bxc3 22. Nxc3 Nf6 23. Ne4 Nxe4 24. Bxe4 f5 25. Bd3 Kg7 26.
e4 fxe4 27. Bxe4 Bf5 28. Bxf5 gxf5 29. f4 Kf6 30. Kf2 c5 31. Ke3 a5 32. a4 b6
33. Kd3 e6 34. Ke3 Kg6 35. h4  1/2-1/2

[Event "11. OSEM SH 2017"]
[Site "Büsum"]
[Date "2017.09.16"]
[Round "9.68"]
[White "Hilbig, Klaus"]
[Black "Klüver, Horst"]
[Result "0-1"]
[BlackElo "1867"]
[BlackTeam "Itzehoer SV"]
[WhiteElo "1646"]
[WhiteTeam "Ahrensburger TSV"]

1. d4 d5 2. Nf3 e6 3. e3 Nf6 4. Bd3 Bd6 5. Nbd2 O-O  6. O-O  c5 7. b3
cxd4 8. exd4 Nc6 9. c3 Bd7 10. Bb2 Rc8 11. a4 Re8 12. Qe2 e5 13. dxe5 Nxe5 14.
Nxe5 Bxe5 15. Qe3 Bg4 16. Bxh7+ Kxh7 17. Qd3+ Kg8 18. h3 Bh5 19. f4 Be2 20.
Qxe2 Bxc3 21. Qd3 Bxb2 22. Ra2 Qb6+ 23. Kh1 Bd4 24. Nf3 Bc5 25. Qf5 Qxb3 26.
Raa1 Ne4 27. Rfb1 Qd3 28. Kh2 Nf2 29. Qd7 b6 30. Re1 Ne4 31. Rad1 Qa6 32. Rxd5
Nf6 33. Rxe8+ Rxe8 34. Qc6 Rc8 35. Rxc5 Rxc6 36. Rxc6 Qb7 37. Rd6 Qc7 38. Rd4
Nh5 39. g3 f6 40. Nh4 Qc2+ 41. Ng2 Kh7 42. Rd7 Qxa4 43. Rb7 b5 44. Nh4 Qa2+ 45.
Ng2 Qf2 46. Rxb5 Qxg3+ 47. Kg1 Nxf4 48. Rb2 Nxh3+ 49. Kf1 Qd3+ 50. Re2 Qd1+ 51.
Ne1 Nf4 52. Rh2+ Kg8  0-1

[Event "11. OSEM SH 2017"]
[Site "Büsum"]
[Date "2017.09.16"]
[Round "9.69"]
[White "Kienel, Norbert"]
[Black "Girod, Gudrun"]
[Result "1-0"]
[BlackElo "1546"]
[BlackTeam "Hannover 96"]
[WhiteElo "1837"]
[WhiteTeam "SV Osnabrück"]

1. d4 e6 2. c4 Bb4+ 3. Nd2 Bxd2+ 4. Bxd2 h6 5. Nf3 Nf6 6. e3 O-O  7. Bd3 d5
8. O-O  c6 9. Bc3 Nbd7 10. Nd2 Re8 11. f3 e5 12. Rc1 exd4 13. exd4 Nf8 14.
b3 Qc7 15. Qc2 Be6 16. Rfe1 Bd7 17. Bb2 Rxe1+ 18. Rxe1 Re8 19. Re5 Qb8 20. cxd5
Nxd5 21. Bc4 Rxe5 22. dxe5 Be6 23. Qe4 b5 24. Bd3 c5 25. Ba3 Qb6 26. Kh1 g6 27.
Qh4 Kg7 28. Ne4 Bf5 29. Bxc5 Qc7 30. Bxf8+ Kxf8 31. Qxh6+ Ke7 32. Qg5+ Kf8 33.
g4 Be6 34. Bxb5 Qc2 35. Qd2 Qc7 36. Nd6 Kg7 37. Bc4 Qc6 38. Kg2 f6 39. exf6+
Kxf6 40. Ne4+ Kg7 41. Qd4+ Kf7 42. Ng5+ Ke7  1-0

[Event "11. OSEM SH 2017"]
[Site "Büsum"]
[Date "2017.09.16"]
[Round "9.70"]
[White "Garms, Ilse"]
[Black "Bierwald, Martin"]
[Result "1/2-1/2"]
[BlackElo "1637"]
[BlackTeam "Königsspr. SC"]
[WhiteElo "1759"]
[WhiteTeam "ESV Eberswalde"]

1. d4 Nf6 2. Nd2 g6 3. e4 d6 4. h3 Bg7 5. Ngf3 Nbd7 6. c3 O-O  7. Bd3 e5 8.
O-O  Re8 9. Re1 a6 10. a4 c5 11. Nb3 Qc7 12. dxc5 dxc5 13. Bf1 b6 14. Qc2
Bb7 15. Nbd2 Bc6 16. b3 b5 17. axb5 axb5 18. Rxa8 Rxa8 19. Bd3 Ne8  1/2-1/2

[Event "11. OSEM SH 2017"]
[Site "Büsum"]
[Date "2017.09.16"]
[Round "9.71"]
[White "Cordsen, Heinrich"]
[Black "Geibel, Henning"]
[Result "1-0"]
[BlackElo "1475"]
[BlackTeam "SV Bargteheide"]
[WhiteElo "1722"]
[WhiteTeam "SK Union Oldenburg"]

1. e4 e5 2. Nf3 d6 3. Bc4 Be7 4. h3 h6 5. Nc3 c6 6. d3 b5 7. Bb3 Nf6 8. a3 O-O
 9. Be3 Nh7 10. Qe2 Qa5 11. O-O  Bf6 12. d4 b4 13. axb4 Qxb4 14. Ra4
Qb7 15. dxe5 dxe5 16. Rfa1 a6 17. Rd1 Qe7 18. Raa1 Be6 19. Ra3 Ng5 20. Nxg5
Bxg5 21. Bxe6 Qxe6 22. Bxg5 hxg5 23. Na4 f5 24. Nc5 Qc8 25. Qc4+ Kh8 26. Ne6
Rf6 27. Rd8+ Qxd8 28. Nxd8 Nd7 29. Nf7+ Kh7 30. Nxg5+ Kg6 31. Rg3 Kh5 32. exf5
Rxf5 33. Qg4+ Kg6 34. Ne4+  1-0

[Event "11. OSEM SH 2017"]
[Site "Büsum"]
[Date "2017.09.16"]
[Round "9.72"]
[White "Berber, Theodor"]
[Black "Möller, Peter, Prof."]
[Result "0-1"]
[BlackElo "1672"]
[BlackTeam "ASV Wismar"]
[WhiteElo "1627"]
[WhiteTeam "SK Kaltenkirchen"]

1. d4 Nf6 2. Nf3 b6 3. Nbd2 Bb7 4. e3 d5 5. Bd3 e6 6. O-O  Bd6 7. c4 O-O
 8. b3 Nbd7 9. Bb2 c6 10. Ne5 Qe7 11. Rc1 Rac8 12. Qe2 Ba3 13. Bxa3 Qxa3
14. Nxd7 Nxd7 15. Nf3 Qd6 16. Nd2 c5 17. Nf3 Rfe8 18. Rfe1 Nf8 19. Ne5 f6 20.
Nf3 Nd7 21. e4 dxe4 22. Bxe4 Bxe4 23. Qxe4 cxd4 24. Qxd4 Qxd4 25. Nxd4 e5 26.
Nb5 Re7 27. Rcd1 Nc5 28. f3 Kf8 29. Rd5 Rce8 30. Nd6 Rd8 31. Ne4 Rxd5 32. cxd5
Nb7 33. Rd1 Rd7 34. Kf2 Ke7 35. b4 Nd6 36. Ke2 Nf5 37. Rd2 Nd4+ 38. Ke1 Rxd5
39. h3 Rd7 40. Rb2 Rc7 41. Kd2 h6 42. a4 f5 43. Nc3 Ke6 44. Ne2 Nxe2 45. Kxe2
Rd7 46. g3 g5 47. Rb3 Rd4 48. a5 bxa5 49. bxa5 a6 50. Rb8 Rd6 51. Rh8 Kd5 52.
Rf8 f4 53. g4 Re6 54. Rb8 e4 55. fxe4+ Rxe4+ 56. Kf2 Re6 57. Rb7 Rc6 58. Rb2
Kc5 59. Kf3 Re6 60. Kg2 Rd6 61. Kf3 Kc4 62. Ke4 Kc5 63. Rb8 Rc6 64. Rb1 Kd6 65.
Rb2 Ke6 66. Rb4 Kf6 67. Rb3 Re6+ 68. Kd5 Re5+ 69. Kd4 Rxa5 70. Rb6+ Ke7 71.
Rxh6 Kd7 72. Rf6 Ke7 73. Rg6 Kf7 74. Rh6 Kg7 75. Rb6 Ra1 76. Ke4 a5 77. Kf5 f3
78. Kxg5 f2 79. Rb7+ Kf8 80. Rb8+ Ke7 81. Rb7+ Kd6 82. Rb6+ Kc5 83. Rf6 f1=Q
84. Rxf1 Rxf1 85. h4 a4  0-1

[Event "11. OSEM SH 2017"]
[Site "Büsum"]
[Date "2017.09.16"]
[Round "9.73"]
[White "Kolkwitz, Klaus"]
[Black "Gottschalk, Jürgen"]
[Result "1/2-1/2"]
[BlackElo "1639"]
[BlackTeam "SV Parchim"]
[WhiteElo "1836"]
[WhiteTeam "ESV Eberswalde"]

1. d4 d5 2. Nf3 Nf6 3. e3 g6 4. c3 Bg7 5. Nbd2 a6 6. Be2 Nc6 7. Ne5 Nxe5 8. dxe5
Nd7 9. f4 f6 10. exf6 Nxf6 11. Nf3 Ne4 12. O-O  Bf5 13. Nd4 Qd7 14. Nxf5
Qxf5 15. Bg4 Qf7 16. Bf3 Qf5 17. Bg4  1/2-1/2

[Event "11. OSEM SH 2017"]
[Site "Büsum"]
[Date "2017.09.16"]
[Round "9.74"]
[White "Bordasch, Christian, Dr."]
[Black "Schütt, Günter"]
[Result "1-0"]
[BlackElo "1573"]
[BlackTeam "SV Strand"]
[WhiteElo "1805"]
[WhiteTeam "SK Norderstedt"]

1. d4 Nf6 2. c4 e6 3. Nc3 c5 4. Nf3 Nc6 5. g3 Qb6 6. e3 Be7 7. Bg2 O-O  8.
O-O  d6 9. b3 Bd7 10. Ne2 Rad8 11. Bb2 Rfe8 12. Qb1 d5 13. cxd5 Nxd5 14.
dxc5 Qxc5 15. Ned4 Bf6 16. Nxc6 Bxc6 17. Bxf6 Nxf6 18. Qb2 Rd6 19. Rac1 Qb6 20.
Nd4 Bxg2 21. Kxg2 Red8 22. Qe2 a6 23. Rc2 g6 24. Rfc1 e5 25. Nf3 Nd7 26. Rc7
Rc6 27. R1xc6 bxc6 28. Qc4 h6 29. Qxc6 Qxc6 30. Rxc6 Ra8 31. Rc7 e4 32. Rxd7
exf3+ 33. Kxf3 Kg7 34. e4 Kf6 35. Ke3 Ke6 36. Rd5 f5 37. f4 Rc8 38. Rd2 Rc3+
39. Kd4 Rc6 40. e5 Rc7 41. Ke3 Rc3+ 42. Kf2 Ke7 43. h3 g5 44. fxg5 hxg5 45. h4
g4 46. h5 Rf3+ 47. Kg2 Re3 48. h6 Rc3 49. h7 Rc8 50. Kf2 Rh8 51. Ke3 Rxh7 52.
Kf4 Rh3 53. Rd6 a5 54. Ra6  1-0

[Event "11. OSEM SH 2017"]
[Site "Büsum"]
[Date "2017.09.16"]
[Round "9.76"]
[White "Ketelsen, Herbert"]
[Black "Stratmann, Dietrich, Dr."]
[Result "1/2-1/2"]
[BlackElo "1682"]
[BlackTeam "SC Northeim"]
[WhiteElo "1565"]
[WhiteTeam "SK Kaltenkirchen"]

1. d4 Nf6 2. c4 g6 3. b3 Bg7 4. Bb2 O-O  5. Nc3 d5 6. e3 c5 7. dxc5 Ne4 8.
Qc2 Qa5 9. Ne2 Be6 10. Nd4 Nc6 11. Nxe6 Bxc3+ 12. Bxc3 Nxc3 13. Nd4 Nxa2+ 14.
Qd2 Qxd2+ 15. Kxd2 Nxd4 16. exd4 Nb4 17. cxd5 Nxd5 18. Bc4 Rfd8 19. Rhe1 e6 20.
g3 a5 21. f4  1/2-1/2

[Event "11. OSEM SH 2017"]
[Site "Büsum"]
[Date "2017.09.16"]
[Round "9.77"]
[White "Stratmann, Alois"]
[Black "Ludwig, Richard"]
[Result "1/2-1/2"]
[BlackElo "1662"]
[BlackTeam "SV Irxleben"]
[WhiteElo "1580"]
[WhiteTeam "SV Ahlen"]

1. c4 e5 2. Nc3 Nc6 3. g3 b6 4. Bg2 Bb7 5. e3 Nf6 6. Nge2 Rb8 7. O-O  Be7 8.
a3 a6 9. d4 exd4 10. exd4 O-O  11. Nd5 Nxd5 12. Bxd5 Na7 13. Bxb7 Rxb7 14.
d5 Nc8 15. a4 a5 16. b3 Bb4 17. Bf4 Re8 18. Nd4 Bd6 19. Bxd6 Nxd6 20. Qd3 Qf6 
1/2-1/2

[Event "11. OSEM SH 2017"]
[Site "Büsum"]
[Date "2017.09.16"]
[Round "9.78"]
[White "Graffenberger, Wilhelm"]
[Black "Weck, Uwe"]
[Result "0-1"]
[BlackElo "1591"]
[BlackTeam "SK Kaltenkirchen"]
[WhiteElo "1651"]
[WhiteTeam "Hamburger SK"]

1. d4 d5 2. Nf3 Nf6 3. e3 g6 4. c4 Bg7 5. Nc3 O-O  6. Be2 c6 7. O-O  Qc7
8. Re1 Bf5 9. b3 Nbd7 10. Ba3 Rfe8 11. Rc1 Rac8 12. cxd5 Qa5 13. dxc6 Rxc6 14.
Bb2 Rec8 15. Qd2 e6 16. Bb5 Rxc3 17. Bxd7 Ne4 18. Bxc3 Rxc3 19. Rxc3 Nxd2 20.
Rc8+ Bf8 21. Nxd2 Qxd2 22. Rec1 Kg7 23. h3 Ba3 24. R1c4 Qe1+ 25. Kh2 Qxf2 26.
d5 Bd6+ 27. Rf4 Bxf4+ 28. exf4 Qxf4+ 29. Kg1 Qe3+  0-1

[Event "11. OSEM SH 2017"]
[Site "Büsum"]
[Date "2017.09.16"]
[Round "9.79"]
[White "Schumacher, Ursula"]
[Black "Rudolph, Karl-Heinz, Dr."]
[Result "1/2-1/2"]
[BlackElo "1577"]
[BlackTeam "SV Irxleben"]
[WhiteElo "1519"]
[WhiteTeam "HTC Bad Neuenahr"]

1. c4 e6 2. Nc3 Nf6 3. d4 d5 4. c5 c6 5. Nf3 Nbd7 6. Bf4 Be7 7. h3 h6 8. e3 Ne4
9. Nxe4 dxe4 10. Nd2 Nf6 11. Be5 O-O  12. Bxf6 Bxf6 13. Nxe4 Be7 14. b4 f5
15. Nd2 b5 16. Be2 Bd7 17. O-O  Rc8 18. Nf3 Bf6 19. a4 Qc7 20. a5 a6 21.
Ra2 Be8 22. Rd2 e5 23. dxe5 Bxe5 24. Nxe5 Qxe5 25. Rd6 Qb2 26. Qd2 Qxd2 27.
Rxd2 Rf6 28. Rfd1 Kf7 29. Rd8 Rxd8 30. Rxd8 Re6 31. Bf3 Ke7 32. Ra8 f4 33. Ra7+
Kf6 34. exf4 Re1+ 35. Kh2 Rb1 36. Rxa6 Rxb4 37. Bxc6 Bxc6 38. Rxc6+ Kf5 39. Kg3
Rxf4 40. a6 Ra4 41. Rb6 b4 42. c6 Ra3+ 43. f3 Ke6 44. c7+ Kd7 45. Rxb4 Rxa6 46.
Rc4 Kc8 47. Kf4 Ra5 48. Ke4 Rh5 49. f4 Ra5 50. Kd4 h5 51. g3 Ra3 52. Rc3 Rxc3
53. Kxc3 Kxc7 54. Kd4 Kd6 55. Ke4 Ke6 56. f5+ Kf6 57. Kf4 g6 58. fxg6 Kxg6 59.
h4 Kf6 60. g4 hxg4  1/2-1/2

[Event "11. OSEM SH 2017"]
[Site "Büsum"]
[Date "2017.09.16"]
[Round "9.80"]
[White "Bade, Heidrun"]
[Black "Petersen, Günter"]
[Result "1-0"]
[BlackElo "1615"]
[BlackTeam "Segeberger SF"]
[WhiteElo "1815"]
[WhiteTeam "USV Potsdam"]

1. e4 e5 2. Nf3 Nc6 3. Bb5 d6 4. O-O  Bd7 5. c3 Nf6 6. Re1 Be7 7. d3 h6 8.
Nbd2 O-O   9. Nf1 a6 10. Ba4 b5 11. Bc2 Bg4 12. Ne3 Qd7 13. Nxg4 Nxg4
14. d4 exd4 15. cxd4 Nb4 16. Bb1  Nf6 17. Bd2 Nc6 18. Qc2 a5 19. e5 dxe5
20. dxe5 Nxe5 21. Nxe5 Qd6 22. Ng4 Qxd2 23. Nxf6+  1-0

[Event "11. OSEM SH 2017"]
[Site "Büsum"]
[Date "2017.09.16"]
[Round "9.81"]
[White "Welsch, Dieter Sen."]
[Black "Van Houten, Henk"]
[Result "1-0"]
[BlackElo "1645"]
[BlackTeam "SC Gronau"]
[WhiteElo "1823"]
[WhiteTeam "SC Cochem"]

1. e4 d6 2. Bc4 g6 3. d4 Bg7 4. Be3 e6 5. Nc3 Nd7 6. Nge2 Nb6 7. Bb3 Bd7 8. Qd2
a5 9. a4 h5 10. f4 f5 11. O-O-O fxe4 12. Nxe4 Nf6 13. Ng5 d5 14. Nc3 c6 15. Qd3
Rh6 16. Rhe1 Ng4 17. Bg1 Qf6 18. g3 Qf5 19. Qe2 Ke7 20. Qf3 Bf6 21. h3 Bxg5 22.
hxg4 hxg4 23. Qf2 Bf6 24. Ne2 Rah8 25. c3 Bg7 26. Bc2 Qf7 27. Kb1 Rf8 28. Nc1
g5 29. Nd3 gxf4 30. Nxf4 Nc4 31. Qe2 e5 32. dxe5 Nxe5 33. Bc5+ Kd8 34. Bxf8
Qxf8 35. Qe3 Kc7 36. Rh1 Nc4 37. Qe2 Rxh1 38. Rxh1 Qf6 39. Rf1 Qd6 40. Bd3 Ne5
41. Bc2 Nf3 42. Rh1 Qf6 43. Qd3 Ne5 44. Qd4 Bf5 45. Bxf5 Qxf5+ 46. Ka2 Bf6 47.
Qc5 Nc4 48. Rh5 Bg5 49. Rxg5  1-0

[Event "11. OSEM SH 2017"]
[Site "Büsum"]
[Date "2017.09.16"]
[Round "9.82"]
[White "Kühnen, Gerhard"]
[Black "Graffenberger, Marianne"]
[Result "1-0"]
[BlackElo "1382"]
[BlackTeam "Hamburger SK"]
[WhiteElo "1639"]
[WhiteTeam "Flensburger SK"]

1. d4 d5 2. c4 c6 3. Nc3 Nf6 4. e3 Bf5 5. f3 e6 6. a3 Nbd7 7. Bd3 Bxd3 8. Qxd3
c5 9. Nge2 cxd4 10. Nxd4 Nc5 11. Qe2 e5 12. Nc2 dxc4 13. Nb4 Nd3+ 14. Nxd3 Qxd3
15. Qxd3 cxd3 16. Bd2 a6 17. Na4 e4 18. Nb6 Rd8 19. Rc1 Be7 20. Rc7 exf3 21.
gxf3 Nd5 22. Nxd5 Rxd5 23. b4 Bh4+ 24. Kd1 O-O  25. Bc3 Re8 26. Kd2 Rdd8
27. Bd4 Rb8 28. Rg1 g6 29. Rgc1 h5 30. Ba7 Rbd8 31. Rxb7 Bf6 32. Rcc7 Rf8 33.
Bc5 Be5 34. Bxf8 Bxc7 35. Rxc7 Kxf8 36. Rc3 Ke7 37. f4 f6 38. Rc5 Rd6 39. Rc7+
Ke6 40. Rc5 h4 41. h3 f5 42. a4 Kf6 43. a5 g5 44. fxg5+ Kxg5 45. b5 axb5 46.
Rxb5 Kf6 47. Rb6  1-0

[Event "11. OSEM SH 2017"]
[Site "Büsum"]
[Date "2017.09.16"]
[Round "9.83"]
[White "Kaspschak, Karola"]
[Black "Klose, Hans-Peter"]
[Result "0-1"]
[BlackElo "1537"]
[BlackTeam "ESV Göttingen"]
[WhiteElo "1435"]
[WhiteTeam "Sf Barsinghausen"]

1. d4 Nf6 2. c4 g6 3. Nc3 Bg7 4. Nf3 O-O  5. e3 d6 6. Be2 Re8 7. O-O  a6
8. b3 Nbd7 9. Bb2 h6 10. Re1 e5 11. d5 Nf8 12. h3 N8h7 13. e4 Nh5 14. Bc1 Nf4
15. Qc2 Ng5 16. Kf1 Nxg2 17. Bxg5 hxg5 18. Ng1 Nxe1 19. Kxe1 Rf8 20. Bg4 Bxg4
21. hxg4 Qf6 22. Qd2 Qf4 23. Qxf4 exf4 24. Rc1 Rae8 25. f3 f5 26. Kd1 fxg4 27.
fxg4 Bxc3 28. Rxc3 Rxe4 29. Nf3 Re3 30. Rxe3 fxe3 31. Nxg5 Rf2 32. a4 Rb2 33.
Ne6 Rxb3 34. Ke2 Rc3 35. a5 Rxc4 36. Kxe3 Rxg4 37. Nxc7 Kf7 38. Ne6 Ra4 39.
Nd8+ Ke7 40. Ne6 Rxa5 41. Nf4 Kf6 42. Kd4 Ra4+ 43. Ke3 Rxf4  0-1

[Event "11. OSEM SH 2017"]
[Site "Büsum"]
[Date "2017.09.16"]
[Round "9.84"]
[White "Deak-Willimsky, Emanuela"]
[Black "Hadlich, Carmen"]
[Result "0-1"]
[BlackElo "1351"]
[BlackTeam "SV Holstein Quickborn"]
[WhiteElo "1502"]
[WhiteTeam "SF Furtwangen-Vöhrenbach"]

1. c4 e6 2. Nc3 Nf6 3. d3 Bb4 4. Qc2 b6 5. a3 Bxc3+ 6. Qxc3 Bb7 7. Nf3 Bxf3 8.
exf3 O-O  9. b4 d5 10. d4 Nbd7 11. Be2 Re8 12. O-O  e5 13. dxe5 Rxe5
14. Qc2 c5 15. cxd5 cxb4 16. axb4 Rc8 17. Qa2 a5 18. bxa5 bxa5 19. Bf4 Rxd5 20.
Bc4 Rdc5 21. Bxf7+ Kh8 22. Be3 Rb5 23. Rad1 Rcb8 24. Bd4 Qf8 25. Rfe1 Rf5 26.
h3 Rb7 27. g4 Rxf3 28. Bd5 Nxd5 29. Qxd5 Rfb3 30. Kg2 h6 31. Be3 R3b5 32. Qd4
R5b6 33. Qc3 Rg6 34. Qxa5 Kh7 35. Qd5 Qc8 36. Qf5 Qc6+ 37. f3 Rb2+ 38. Bf2 Qb6
39. Rf1 Nf6 40. Rb1 Rxf2+ 41. Rxf2 Qc6 42. Re1 Nd5 43. Qe4 Qd6 44. f4 Nc3 45.
Qc2 Qd5+ 46. Rf3 Nb5 47. Qe4 Qd2+ 48. Rf2 Qd7 49. f5 Rf6 50. Re3 Nd6 51. Qd3
Qc6+  0-1

[Event "11. OSEM SH 2017"]
[Site "Büsum"]
[Date "2017.09.16"]
[Round "9.85"]
[White "Lambrecht, Harald"]
[Black "Howe, Dietrich"]
[Result "1-0"]
[BlackElo "1471"]
[BlackTeam "SK Kaltenkirchen"]
[WhiteElo "1414"]
[WhiteTeam "SK Celle-Westercelle"]

1. d4 Nf6 2. c4 e6 3. Nc3 c5 4. Nf3 cxd4 5. Nxd4 a6 6. e3 Qc7 7. Be2 b6 8. Bf3
Bb7 9. Bxb7 Qxb7 10. Qf3 Nc6 11. Nxc6 dxc6 12. Ne4 Be7 13. Nxf6+ Bxf6 14. O-O
 O-O  15. Rb1 Rad8 16. b3 g6 17. Qxf6 Qe7 18. Qxe7  1-0

[Event "11. OSEM SH 2017"]
[Site "Büsum"]
[Date "2017.09.16"]
[Round "9.86"]
[White "Boß, Kurt"]
[Black "Walther, Renate"]
[Result "1-0"]
[BlackElo "1173"]
[BlackTeam "SK Herzogenaurach"]
[WhiteElo "1222"]
[WhiteTeam "Flensburger SK"]

1. e4 e5 2. f3 Nc6 3. Ne2 d6 4. b3 Nf6 5. Bb2 Be7 6. d4 exd4 7. Nxd4 Nxd4 8.
Qxd4 O-O  9. Bc4 c5 10. Qf2 Bd7  11. O-O  b5 12. Bd3 Bc6 13. Qg3
Nh5 14. Qe1 Bf6 15. e5 dxe5 16. Bxe5 Qe8 17. Bxf6 Nxf6 18. Nc3 a6 19. Ne4 Nxe4
20. fxe4 Qe7 21. Qe2 Rae8 22. Rae1 Bd7 23. Rf4 Qe5 24. Qe3 g5 25. Rf5 Bxf5 26.
Qxg5+ Qg7 27. Qxf5 Re5 28. Qf3 f5 29. Qe3 f4 30. Qf3 Qg5 31. Rf1 Kg7 32. Rd1 h5
33. Be2 h4 34. h3 Qg3 35. Qg4+ Qxg4 36. Bxg4 Rxe4 37. Rd7+ Rf7 38. Rd5 Rd4 39.
Rg5+ Kf8 40. Be6 Rg7 41. Rf5+ Ke7 42. Bc8 a5 43. Rxc5 Rd2 44. Bg4 Rxg4 45. hxg4
f3 46. Re5+ Kd6 47. Rh5 f2+ 48. Kf1 Rxc2 49. Rxh4 Rxa2 50. Rh6+ Kc5 51. g5 Rd2
52. g6 Rd6 53. g7 Rxh6 54. g8=Q Kb4 55. Qf8+ Kxb3 56. Qxh6 b4 57. Qh3+ Ka4 58.
Qd7+ Ka3 59. Qd3+ b3 60. Qb1 b2 61. Kxf2 Kb3 62. Ke2 a4 63. Qd1+ Ka2 64. Qd5+
Ka1 65. Qd4 a3 66. g4 Ka2 67. Qd5+ Ka1 68. Qd4 a2 69. g5 Kb1 70. Qd1#  1-0

[Event "11. OSEM SH 2017"]
[Site "Büsum"]
[Date "2017.09.16"]
[Round "9.87"]
[White "Krneta, Slavko"]
[Black "Baumast, Bernd"]
[Result "1/2-1/2"]
[BlackElo "1583"]
[BlackTeam "SV Bad Oldesloe"]
[WhiteElo "1810"]
[WhiteTeam "FG Wohlde"]

1. g3 e6 2. Bg2 c6 3. f4 Be7 4. Nf3 Nf6 5. O-O  O-O  6. d3 d5 7. Bd2
Qb6+ 8. e3 Qxb2 9. Nc3 Qb6 10. d4 c5 11. Ne2 Qc7 12. c3 Ne4 13. f5 exf5 14. Nf4
Nxd2 15. Qxd2 Be6 16. Rac1 c4 17. Rb1 Nd7 18. h4 Nf6 19. Ne5  1/2-1/2